| 000 | 01088nam a22003137a 4500 | ||
|---|---|---|---|
| 999 |
_c44287 _d44287 |
||
| 001 | 17635 | ||
| 003 | CO-MdFUSB | ||
| 005 | 20190202100319.0 | ||
| 008 | 170830t1986 stk||||| |||| 00| 0 eng d | ||
| 020 | _a0-948643-00-5 | ||
| 040 |
_aCO-MdFUSB _bspa _cCO-MdFUSB _dCO-MdFUSBC _erda |
||
| 041 | 0 | _aeng | |
| 082 | 0 | 4 | _aG 223.106 P549o |
| 100 | 1 |
_aPhilip, George M. _eautor |
|
| 245 | 1 | 0 |
_aLord from the depths i cry _b: a study in the book of job _c/ George M. Philip |
| 264 | 4 |
_aGlasgow : _bNicholas Gray Publishing, _c©1986 |
|
| 300 | _a128 p. | ||
| 336 |
_2rdacontent _a1 _ba1 |
||
| 337 |
_2rdamedia _a2 _b5 |
||
| 338 |
_2rdacarrier _a2 _b5 |
||
| 505 | 0 | 0 | _aEsbozo -- Prólogo (cap. 1-2) -- Escena 1 (cap. 3-14) -- Escena 2 (cap. 15-21) -- Escena 3 (cap. 22-26) -- Escena 4 (cap. 27-31) -- Escena 5 (cap. 32-37) -- Escena 6 (cap. 38-41) -- Epílogo (cap. 42) |
| 650 | 7 |
_aSufrimiento _9281 |
|
| 650 | 7 |
_aCriticismo _9614 |
|
| 650 | 0 |
_aBiblia _916 |
|
| 653 | _aBiblia - Comentarios | ||
| 653 | _aBiblia - Job - Comentarios | ||
| 653 | _aBiblia - Job - Criticismo | ||
| 942 | _cBK | ||